000 00699nam a2200265Ia 4500
001 7620
005 20240113234025.0
007 ta
008 050709s1990 g b000 u hin u
020 _cHB
040 _aCotton College Assam
041 _ahin
082 _a891.43108
_bSh 11 Vi
100 _aSharma, Krishna Dev .
245 0 _aVidyapati Aur Unki Padavali /
_cKrishna Dev Sharma.
_hTextual Documents
250 _a1st ed. /
260 _aDelhi :
_bAshok prakashan ,
_c1990.
300 _a416 p. ;
_c18cm.
653 _aHindi poetry-Collections
653 _aCriticism - Hindi Poem
653 _aMS-Hindi
942 _2ddc
_cBK
999 _c7607
_d7607